000 01116cad a22001935a 4500
001 L147856
008 090624e20090622xxk f s 000 0 eng d
035 _a(Sirsi) u147856
041 0 _aeng
110 2 _aCouncil of Mortgage Lenders
_95903
245 0 0 _aMarket commentary
_h[electronic resource]
490 _aCML Market Commentary
520 _aMarket commentary from the Council of Mortgage Lenders for June 2009. Forecasts that, due to cuts in interest rates, fewer borrowers will fall behind mortgage repayments and there will be fewer possessions. At the same time, as unemployment rises, more people will be unable to pay their debts. Housing activity will remain low as the lending industry has difficulty increasing the supply of mortgage credit and as the market remains weak. Includes statistics from 2006 to June 2009.
590 _aKA NTK
651 4 _aEngland and Wales
_y1543-
690 _aPROPERTY-RESIDENTIAL PROPERTY-RESIDENTIAL PROPERTY MARKET
856 4 0 _uhttps://www.cml.org.uk/cml/publications/marketcommentary/160
_zView the commentary free of charge at www.cml.org.uk...
942 _n0
999 _c81654
_d81654